000 00533nam a2200181Ia 4500
005 20250603144927.0
008 250603s9999 xx 000 0 und d
020 _a 978-1-032-4-0582-7
050 _aR 859.7 .A78/
100 _aEdited by Yashwant Pathak, Surovi Saikia, Sarvadaman Pathak, Jayvadan Patel, Jigna Prajapati.
245 0 _aEthical issues in AI for bioinformatics and chemoinformatics
260 _aBoca Raton
260 _bCRC Press,
260 _c2024
300 _a211 p
650 _aBoca Raton
942 _cBK
999 _c40363
_d40363